| 000 | 00000nam##2200000za#4500 |
| 001 | 9.612818 |
| 003 | CaOODSP |
| 005 | 20211126112846 |
| 007 | ta |
| 008 | 150406|1996||||xxc||||| f|0| 0 eng|d |
| 020 | |a0-662-24106-1 |
| 022 | |a1192-5434 |
| 040 | |aCaOODSP|beng |
| 043 | |an-cn--- |
| 086 | 1 |aFB3-2/96-1E |
| 110 | 2 |aBank of Canada. |
| 245 | 10|aSwitching between chartists and fundamentalists : |ba Markov regime-switching approach / |cby Robert Vigfusson. |
| 260 | |aOttawa - Ontario : |bBank of Canada |c1996. |
| 300 | |a22p. : |bgraphs, tables ; |c28 cm. |
| 490 | 1 |aWorking paper|x1192-5434|v96-1 |
| 500 | |aContents: Introduction.--Literature survey.--Chartists and fundamentalists as regimes.--Empirical results.--Conclusion.--Appendix I: persistence in regime-switching models.--Bibliography. |
| 504 | |aBibliography. |
| 546 | |aRésumés en français |
| 563 | |aSoftcover |
| 590 | |a96-06|b1996-02-09 |
| 690 | 07|aRates|2gcpds |
| 690 | 07|aCurrency|2gcpds |
| 720 | 1 |aVigfusson, Robert |
| 776 | 0#|tSwitching between chartists and fundamentalists : |w(CaOODSP)9.571647 |
| 830 | #0|aWorking paper,|x1192-5434|v96-1|w(CaOODSP)9.514622 |